000
00211nam a22000857a 4500
008
161108b xxu||||| |||| 00| 0 eng d
100
_9
1062
_a
BPI india
245
_a
Prakash the peacock
260
_a
New Delhi
_b
BPI
_c
2011
999
_c
3718
_d
3718